| 000 | 00481nam a22001697a 4500 | ||
|---|---|---|---|
| 003 | NUST - PNEC | ||
| 005 | 20170116181000.0 | ||
| 008 | 150912b xxu||||| |||| 00| 0 eng d | ||
| 020 | _a0070503265 | ||
| 040 | _cLIBRARY | ||
| 082 | _a006.6 PLA | ||
| 100 |
_99447 _aPlastock, Roy A. |
||
| 245 |
_aSchaum's outline of theory and problems of computer graphics _cR oy A. Plastock and Gordon Kalley |
||
| 260 | _cc.1986 | ||
| 650 |
_99452 _aComputer graphics _xMIS |
||
| 942 |
_2ddc _cBK |
||
| 999 |
_c66663 _d66663 |
||